书目信息 |
| 题名: |
电子技术基础
|
|
| 作者: | 康华光 主编 | |
| 分册: | 中册 | |
| 出版信息: | 北京 人民教育出版社 1979 |
|
| 页数: | 332页 | |
| 开本: | 19cm | |
| 丛书名: | ||
| 单 册: | ||
| 中图分类: | TN101 | |
| 科图分类: | ||
| 主题词: | 电子技术--高等学校--教材 , 真空电子技术 | |
| 电子资源: | ||
| ISBN: | ||
| 000 | 00661nam0 2200241 45 | |
| 001 | 0179005999 | |
| 005 | 20060813170421.71 | |
| 010 | @dCNY0.89 | |
| 091 | @a15012.0141 | |
| 100 | @a19950728d1979 em y0chiy0121 ea | |
| 101 | 0 | @achi |
| 102 | @aCN@b110000 | |
| 105 | @ay z 000yy | |
| 200 | 10 | @a电子技术基础@Adian zi ji shu ji chu@h中册@f康华光主编@Fkang hua guang zhu bian |
| 210 | @a北京@c人民教育出版社@d1979 | |
| 215 | @a332页@d19cm | |
| 300 | @a高等学校试用教材 | |
| 606 | @a电子技术@x高等学校@x教材 | |
| 606 | 0 | @a真空电子技术 |
| 690 | @aTN101@v4 | |
| 701 | 0 | @a康华光@Akang hua guang@4主编 |
| 801 | 0 | @aCN@bNLC@c20060813 |
| 905 | @dTN101@e15:2 | |
| 电子技术基础.中册/康华光主编.-北京:人民教育出版社,1979 |
| 332页;19cm |
| 高等学校试用教材 |
| ISBN :CNY0.89 |
| ● |
| 相关链接 |
|
|
|
|
正题名:电子技术基础
索取号:TN101/15:2
 
预约/预借
| 序号 | 登录号 | 条形码 | 馆藏地/架位号 | 状态 | 备注 |
| 1 | 0012391 | 202168849 | 密集书库/ [索取号:TN101/15:2] | 在馆 | |
| 2 | 0020138 | 202168046 | 密集书库/ [索取号:TN101/15:2] | 在馆 | |
| 3 | 0020139 | 202167886 | 密集书库/ [索取号:TN101/15:2] | 在馆 | |
| 4 | 0020140 | 001349464 | 密集书库/ [索取号:TN101/15:2] | 在馆 | |
| 5 | 0020141 | 202168769 | 密集书库/ [索取号:TN101/15:2] | 在馆 | |
| 6 | 0020142 | 202189997 | 密集书库/ [索取号:TN101/15:2] | 在馆 | |
| 7 | 0042052 | 001349589 | 密集书库/ [索取号:TN101/15:2] | 在馆 | |
| 8 | 0042053 | 202189915 | 密集书库/ [索取号:TN101/15:2] | 在馆 | |
| 9 | 0042054 | 202168778 | 密集书库/ [索取号:TN101/15:2] | 在馆 | |
| 10 | 0122511 | 001349543 | 第三借阅区/ [索取号:TN101/15:2] | 在馆 | |
| 11 | 0122512 | 001349507 | 第三借阅区/ [索取号:TN101/15:2] | 在馆 | |
| 12 | 0122513 | 202105186 | 第二样本阅览室/ [索取号:TN101/15:2] | 在馆 | |
| 13 | 0420223 | 204202237 | 密集书库/ [索取号:TN101/15:2] | 在馆 | |
| 14 | 0437557 | 204375577 | 密集书库/ [索取号:TN101/15:2] | 在馆 | |
| 15 | 0437558 | 204375586 | 密集书库/ [索取号:TN101/15:2] | 在馆 | |
| 16 | 0437560 | 204375602 | 密集书库/ [索取号:TN101/15:2] | 在馆 | |
| 17 | 0437695 | 204376950 | 密集书库/ [索取号:TN101/15:2] | 在馆 | |
| 18 | 0437815 | 204378155 | 密集书库/ [索取号:TN101/15:2] | 在馆 | |
| 19 | 0438026 | 204380268 | 密集书库/ [索取号:TN101/15:2] | 在馆 | |
| 20 | 0452702 | 204527020 | 密集书库/ [索取号:TN101/15:2] | 在馆 |